[El Pasmo de Sicilia] (Record no. 102913)

MARC details
000 -LEADER
campo de control de longitud fija 02480nka a2200409 i 4500
001 - NÚMERO DE CONTROL
campo de control 102913
003 - IDENTIFICADOR DE NÚMERO DE CONTROL
campo de control ES-MaACL
005 - FECHA Y HORA DE LA ÚLTIMA TRANSACCIÓN
campo de control 20250821063036.0
007 - CAMPO FIJO DE DESCRIPCIÓN FÍSICA--INFORMACIÓN GENERAL
campo de control de longitud fija t|
008 - DATOS DE LONGITUD FIJA--INFORMACIÓN GENERAL
campo de control de longitud fija 051219e1808 sp f | |r||1c|spa
100 1# - ENTRADA PRINCIPAL--NOMBRE DE PERSONA
Nombre de persona Selma, Fernando,
Fechas asociadas al nombre 1752-1810
Término indicativo de función/relación Grabador
9 (RLIN) 157690
245 14 - MENCIÓN DEL TÍTULO
Título [El Pasmo de Sicilia]
Medio [Material gráfico] /
Mención de responsabilidad, etc. Rafael de Urbino lo pintó ; Josef Camaron lo dibuxó ; Fernando Selma lo grabó en Madrid año de 1808
260 ## - PUBLICACIÓN, DISTRIBUCIÓN, ETC.
Lugar de publicación, distribución, etc. [Madrid :
Nombre del editor, distribuidor, etc. Se halla en la Real Calcografía,
Fecha de publicación, distribución, etc. 1808]
300 ## - DESCRIPCIÓN FÍSICA
Extensión 1 estampa :
Otras características físicas grabado calcográfico ;
Dimensiones 603 x 402 mm
490 1# - MENCIÓN DE SERIE
Mención de serie Colección facticia de grabados ;
Designación de volumen o secuencia 1
RLIN 184692
500 ## - NOTA GENERAL
Nota general Inscripción: "Encuentro de Jesus con su Madre quando le conducian al Calvario. Quado célebre de Rafael de Urbino, llamado vulgarmente El Pasmo de Sicilia."
520 ## - RESUMEN, ETC.
Sumario, etc. Caída de Jesús en su camino hacia el Calvario, rodeado de soldados, y al lado se ve a María y a las Santas Mujeres
Ampliación de la nota de sumario Grabado de la "Caída en el camino del Calvario", conocida como "El Pasmo de Sicilia", obra pintada por Rafael hacia 1517 y conservada en el Museo del Prado. Representa a Jesús caído bajo la cruz camino del Calvario, rodeado de soldados y sayones, de las Santas Mujeres y de san Juan. Se trata de una extraordinaria muestra de la habilidad del dibujante José Camarón y del grabador Fernando Selma
530 ## - NOTA DISPONIBLE DE FORMULARIO FÍSICO ADICIONAL
Nota de formato físico adicional disponible Disponible en formato digital
594 ## - Nota al título y mención de responsabilidad
a Título del cuadro de Rafael: "Caída en el camino del Calvario"
600 04 - PUNTO DE ACCESO ADICIONAL DE MATERIA--NOMBRE DE PERSONA
Nombre de persona Jesucristo-
Subdivisión general Pasión
9 (RLIN) 66375
600 04 - PUNTO DE ACCESO ADICIONAL DE MATERIA--NOMBRE DE PERSONA
Nombre de persona Virgen María
9 (RLIN) 115436
600 07 - PUNTO DE ACCESO ADICIONAL DE MATERIA--NOMBRE DE PERSONA
Nombre de persona Juan Evangelista,
Títulos y otros términos asociados al nombre Santo
Fuente del encabezamiento o término embne
9 (RLIN) 241971
650 #7 - PUNTO DE ACCESO ADICIONAL DE MATERIA--TÉRMINO DE MATERIA
Término de materia o nombre geográfico como elemento de entrada Vía crucis
Fuente del encabezamiento o término embne
9 (RLIN) 17772
655 #7 - TERMINO DE INDIZACIÓN--GENERO/FORMA
Datos o término principal de género/forma Grabados calcográficos
Fuente del término tgfbne
9 (RLIN) 241761
655 #7 - TERMINO DE INDIZACIÓN--GENERO/FORMA
Datos o término principal de género/forma Grabados
Fuente del término tgfbne
9 (RLIN) 226846
655 #4 - TERMINO DE INDIZACIÓN--GENERO/FORMA
Datos o término principal de género/forma Reproducciones de obras de arte
9 (RLIN) 241931
700 0# - ENTRADA AGREGADA--NOMBRE PERSONAL
Nombre de persona Raffaello,
Fechas asociadas al nombre 1483-1520
Término indicativo de función/relación Artista
9 (RLIN) 94962
700 1# - ENTRADA AGREGADA--NOMBRE PERSONAL
Nombre de persona Camarón Bonanat, José,
Fechas asociadas al nombre 1731-1803
Término indicativo de función/relación Dibujante
9 (RLIN) 153327
710 2# - ENTRADA AGREGADA--NOMBRE DE ENTIDAD CORPORATIVA
Nombre de entidad corporativa o nombre de jurisdicción como elemento de entrada Calcografía de la Imprenta Real
Término indicativo de función/relación Editor
9 (RLIN) 241806
830 #0 - PUNTO DE ACCESO ADICIONAL DE SERIE-TÍTULO UNIFORME
Título uniforme Colección facticia de grabados ;
Designación de volumen o secuencia 1
9 (RLIN) 184692
852 4# - LOCALIZACIÓN
Ubicación ES-MaACL
Ubicación en estantería Depósito 2
Número de control de estantería GF-2(1)
856 4# - LOCALIZACIÓN Y ACCESO ELECTRÓNICOS
Identificador Uniforme de Recursos <a href="https://bdh-rd.bne.es/viewer.vm?id=0000151822&page=1">https://bdh-rd.bne.es/viewer.vm?id=0000151822&page=1</a>
Texto de enlace Versión en línea
Nota pública (Biblioteca Digital Hispánica)
856 4# - LOCALIZACIÓN Y ACCESO ELECTRÓNICOS
Identificador Uniforme de Recursos <a href="https://dadun.unav.edu/entities/publication/8254cda0-cf1b-4001-96a5-8465380d8716">https://dadun.unav.edu/entities/publication/8254cda0-cf1b-4001-96a5-8465380d8716</a>
Texto de enlace Versión en línea
Nota pública (Depósito académico digital de la Universidad de Navarra)
942 ## - ELEMENTOS DE ENTRADA SECUNDARIOS (KOHA)
Fuente del sistema de clasificación o colocación Clasificación decimal universal
Tipo de ítem Koha Grabado
Suprimir en OPAC No
Holdings
Estatus retirado Estado de pérdida Fuente del sistema de clasificación o colocación Estado de daño No para préstamo Colección Biblioteca de origen Biblioteca actual Ubicación en estantería Fecha de adquisición Total de préstamos Signatura topográfica completa Código de barras Visto por última vez Tipo de ítem Koha
    Clasificación decimal universal     Colección digital Biblioteca del Ateneo de Madrid Biblioteca del Ateneo de Madrid Depósito 2 17/01/2008   GF-2(1) 1107449 23/02/2023 Grabado